Geeks, girls, and secret identities / (Record no. 2412)

MARC details
000 -LEADER
fixed length control field 01513cam a2200421 a 4500
001 - CONTROL NUMBER
control field 2412
003 - CONTROL NUMBER IDENTIFIER
control field FISKH
005 - DATE AND TIME OF LATEST TRANSACTION
control field 20231205114141.0
008 - FIXED-LENGTH DATA ELEMENTS--GENERAL INFORMATION
fixed length control field 111220s2012 nyua c 000 1 eng
010 ## - LIBRARY OF CONGRESS CONTROL NUMBER
LC control number 2011042548
020 ## - INTERNATIONAL STANDARD BOOK NUMBER
International Standard Book Number 9780545335485 (hardcover : alk. paper)
020 ## - INTERNATIONAL STANDARD BOOK NUMBER
International Standard Book Number 9780545335492 (pbk. : alk. paper)
020 ## - INTERNATIONAL STANDARD BOOK NUMBER
International Standard Book Number 9780545392518 (ebook)
020 ## - INTERNATIONAL STANDARD BOOK NUMBER
International Standard Book Number 9780545531535
040 ## - CATALOGING SOURCE
Original cataloging agency DLC
Transcribing agency DLC
Modifying agency DLC
Language of cataloging eng
042 ## - AUTHENTICATION CODE
Authentication code lcac
-- pcc
050 00 - LIBRARY OF CONGRESS CALL NUMBER
Classification number PZ7.J953
Item number Gee 2012
082 00 - DEWEY DECIMAL CLASSIFICATION NUMBER
Classification number [Fic]
Edition number 23
100 1# - MAIN ENTRY--PERSONAL NAME
Personal name Jung, Mike.
245 10 - TITLE STATEMENT
Title Geeks, girls, and secret identities /
Statement of responsibility, etc. by Mike Jung ; with illustrations by Mike Maihack.
250 ## - EDITION STATEMENT
Edition statement This edition first printing, November 2012
260 ## - PUBLICATION, DISTRIBUTION, ETC.
Place of publication, distribution, etc. New York :
Name of publisher, distributor, etc. Scholastic,
Date of publication, distribution, etc. 1920
300 ## - PHYSICAL DESCRIPTION
Extent 307 pages :
Other physical details illustrations ;
Dimensions 20 cm
505 ## - FORMATTED CONTENTS NOTE
Formatted contents note S<br/>
520 ## - SUMMARY, ETC.
Summary, etc. Twelve-year-old Vincent and his fellow members of the Captain Stupendous Fan Club help out when someone new becomes Earth's most famous superhero, without knowing anything about him, just as evil Professor Mayhem and his robot arrive in Copperplate City.
521 8# - TARGET AUDIENCE NOTE
Target audience note 790<br/>
Source Lexile<br/>
521 8# - TARGET AUDIENCE NOTE
Target audience note S<br/>
Source Raz-Plus
650 #1 - SUBJECT ADDED ENTRY--TOPICAL TERM
Topical term or geographic name entry element Superheroes
Form subdivision Fiction.
650 #1 - SUBJECT ADDED ENTRY--TOPICAL TERM
Topical term or geographic name entry element Clubs
Form subdivision Fiction.
650 #1 - SUBJECT ADDED ENTRY--TOPICAL TERM
Topical term or geographic name entry element Robots
Form subdivision Fiction.
650 #1 - SUBJECT ADDED ENTRY--TOPICAL TERM
Topical term or geographic name entry element Middle schools
Form subdivision Fiction.
650 #1 - SUBJECT ADDED ENTRY--TOPICAL TERM
Topical term or geographic name entry element Schools
Form subdivision Fiction.
650 #1 - SUBJECT ADDED ENTRY--TOPICAL TERM
Topical term or geographic name entry element Humorous stories.
650 #1 - SUBJECT ADDED ENTRY--TOPICAL TERM
Topical term or geographic name entry element Science fiction.
700 1# - ADDED ENTRY--PERSONAL NAME
Personal name Maihack, Mike,
Relator term illustrator
906 ## - LOCAL DATA ELEMENT F, LDF (RLIN)
a 7
b cbc
c orignew
d 1
e ecip
f 20
g y-gencatlg
942 ## - ADDED ENTRY ELEMENTS (KOHA)
Source of classification or shelving scheme Dewey Decimal Classification
Koha item type Books
Suppress in OPAC No
Holdings
Withdrawn status Lost status Source of classification or shelving scheme Damaged status Not for loan Collection Home library Current library Shelving location Date acquired Total Checkouts Full call number Barcode Date last seen Price effective from Koha item type
    Dewey Decimal Classification     Fiction Footprints International School Library Network Toul Kork Campus Footprints International School Library Network Toul Kork Campus   12/04/2023   JUN Fic PZ7.J953 FISSE01000 12/04/2023 12/04/2023 Books